[Event "Las Vegas National op"]
[Site "Las Vegas"]
[Date "2005.06.12"]
[Round "5"]
[White "Stein, Alex"]
[Black "De Firmian, Nick E"]
[Result "0-1"]
[WhiteElo "2362"]
[BlackElo "2549"]
[PlyCount "74"]
[EventDate "2005.06.10"]
[EventType "swiss"]
[EventRounds "7"]
[EventCountry "USA"]
[SourceTitle "CBM 106 Extra"]
[Source "ChessBase"]
[SourceDate "2005.07.01"]
[SourceVersion "1"]
[SourceVersionDate "2005.07.01"]
[SourceQuality "1"]

1. e4 c5 2. Nf3 d6 3. d4 cxd4 4. Nxd4 Nf6 5. Nc3 a6 6. Be2 e5 7. Nb3 Be7 8. 0-0 0-0 9. f4 b5 10. a4 b4 11. Nd5 Nxd5 12. exd5 Nd7 13. a5 Bf6 14. Kh1 Re8 15. Ra4 Rb8 16. Bd2 Nc5 17. Nxc5 dxc5 18. c4 Bd7 19. Ra2 exf4 20. Bxf4 b3 21. Ra3 Bxb2 22. Bxb8 Bxa3 23. Bh5 g6 24. Qxb3 Qxb8 25. Qxa3 gxh5 26. Qxc5 Qe5 27. Qf2 Qf5 28. Qg3+ Qg4 29. c5 Bb5 30. Rc1 Qxg3 31. hxg3 Kg7 32. Kg1 Kf6 33. Kf2 Ke5 34. Rd1 Rc8 35. c6 Kd6 36. Rd4 f6 37. Kf3 Re8 0-1

[Event "Minneapolis HB Global op"]
[Site "Minneapolis"]
[Date "2005.05.19"]
[Round "3"]
[White "Stein, Alex"]
[Black "Moiseenko, Alexander"]
[Result "1-0"]
[WhiteElo "2362"]
[BlackElo "2665"]
[PlyCount "105"]
[EventDate "2005.05.18"]
[EventType "swiss"]
[EventRounds "9"]
[EventCountry "USA"]
[SourceTitle "CBM 107"]
[Source "ChessBase"]
[SourceDate "2005.08.01"]
[SourceVersion "1"]
[SourceVersionDate "2005.08.01"]
[SourceQuality "1"]

1. e4 c5 2. Nf3 Nc6 3. Bb5 e6 4. 0-0 Nge7 5. c3 a6 6. Ba4 c4 7. d4 cxd3 8. Qxd3 b5 9. Bc2 Ng6 10. Nbd2 Be7 11. Nb3 Bb7 12. Rd1 d6 13. a4 bxa4 14. Rxa4 0-0 15. Nfd4 Qc7 16. Qe2 Nxd4 17. Nxd4 Rfd8 18. Rc4 Qb8 19. Nc6 Bxc6 20. Rxc6 Qb7 21. Rc4 a5 22. Ra4 h6 23. Qh5 Bg5 24. Bxg5 hxg5 25. e5 dxe5 26. Rxd8+ Rxd8 27. Qxg5 Qd5 28. g3 Rb8 29. b3 Rf8 30. h4 e4 31. Rxa5 Qc6 32. c4 Rc8 33. h5 Nf8 34. Ra7 Nh7 35. Qe5 Nf6 36. h6 Qc5 37. Qxc5 Rxc5 38. Ra8+ Kh7 39. hxg7 Kxg7 40. Ra1 Rc7 41. Kf1 Rb7 42. Ra3 Kf8 43. Ke2 Ke7 44. Kd2 Rd7+ 45. Kc3 Ng4 46. Bxe4 Nxf2 47. Bc2 e5 48. Ra5 Kf6 49. b4 e4 50. g4 Nxg4 51. Bxe4 Ne3 52. b5 Rc7 53. Bc6 1-0

[Event "Santa Monica IBAR"]
[Site "Santa Monica"]
[Date "2005.02.27"]
[Round "9"]
[White "Khachiyan, Melikset"]
[Black "Stein, Alex"]
[Result "1/2-1/2"]
[WhiteElo "2462"]
[BlackElo "2362"]
[PlyCount "25"]
[EventDate "2005.02.23"]
[EventType "tourn"]
[EventRounds "9"]
[EventCountry "USA"]
[EventCategory "8"]
[SourceTitle "CBM 105 Extra"]
[Source "ChessBase"]
[SourceDate "2005.05.01"]
[SourceVersion "1"]
[SourceVersionDate "2005.05.01"]
[SourceQuality "1"]

1. e4 e5 2. Nf3 Nc6 3. Bb5 a6 4. Bxc6 dxc6 5. 0-0 f6 6. d4 exd4 7. Nxd4 c5 8. Nb3 Qxd1 9. Rxd1 Bg4 10. f3 Be6 11. Nc3 Bd6 12. Be3 b6 13. Rd2 1/2-1/2

[Event "San Francisco Franett Memorial"]
[Site "San Francisco"]
[Date "2005.01.08"]
[Round "7"]
[White "Stein, Alex"]
[Black "Yap, Nicolas A"]
[Result "0-1"]
[WhiteElo "2362"]
[BlackElo "2189"]
[PlyCount "128"]
[EventDate "2005.01.02"]
[EventType "tourn"]
[EventRounds "11"]
[EventCountry "USA"]
[EventCategory "3"]
[SourceTitle "CBM 104 Extra"]
[Source "ChessBase"]
[SourceDate "2005.03.01"]
[SourceVersion "1"]
[SourceVersionDate "2005.03.01"]
[SourceQuality "1"]

1. e4 c5 2. Nf3 Nc6 3. Bb5 g6 4. 0-0 Bg7 5. Bxc6 dxc6 6. d3 Nf6 7. a4 a5 8. Na3 0-0 9. Nc4 Nd7 10. Bd2 b6 11. Qc1 e5 12. Bh6 f6 13. c3 Qe7 14. Re1 Rd8 15. b3 Rb8 16. d4 cxd4 17. cxd4 exd4 18. e5 Bxh6 19. Qxh6 Bb7 20. exf6 Qxf6 21. Ng5 Nf8 22. Ne4 Qg7 23. Qf4 c5 24. Nf6+ Kh8 25. Nd6 g5 26. Qe5 Ng6 27. Qe6 Rf8 28. Nd7 Bd5 29. Qxd5 Qxd7 30. Re6 Rbd8 31. Rae1 Nf4 32. Qe5+ Qg7 33. Qxg7+ Kxg7 34. Re7+ Kg8 35. Ne4 h6 36. Rb7 Nd5 37. f3 Rf7 38. Rxf7 Kxf7 39. Kf2 Nf4 40. Rh1 Kg6 41. h4 Nd3+ 42. Kg3 Rc8 43. h5+ Kg7 44. Nd6 Rc6 45. Nf5+ Kf7 46. Rd1 Nf4 47. Kg4 Nxg2 48. Rg1 Ne3+ 49. Nxe3 dxe3 50. f4 gxf4 51. Kxf4 Re6 52. Kf3 e2 53. Re1 Kf6 54. Kf2 Kg5 55. Rg1+ Kxh5 56. Ke1 Kh4 57. Rh1+ Kg5 58. Rg1+ Kf6 59. Rh1 Kg7 60. Rg1+ Rg6 61. Rh1 Rg3 62. Kxe2 Rxb3 63. Rd1 Rb4 64. Rd6 h5 0-1

[Event "San Francisco Franett Memorial"]
[Site "San Francisco"]
[Date "2005.01.03"]
[Round "2"]
[White "Stein, Alex"]
[Black "Ganbold, Odondoo"]
[Result "1-0"]
[WhiteElo "2362"]
[BlackElo "2382"]
[PlyCount "75"]
[EventDate "2005.01.02"]
[EventType "tourn"]
[EventRounds "11"]
[EventCountry "USA"]
[EventCategory "3"]
[SourceTitle "CBM 104 Extra"]
[Source "ChessBase"]
[SourceDate "2005.03.01"]
[SourceVersion "1"]
[SourceVersionDate "2005.03.01"]
[SourceQuality "1"]

1. e4 g6 2. d4 Bg7 3. Nf3 c6 4. c3 d5 5. Nbd2 Nf6 6. e5 Nfd7 7. h4 Nf8 8. h5 Ne6 9. Nb3 b6 10. Ng5 Nxg5 11. Bxg5 h6 12. Be3 g5 13. Bd3 Ba6 14. Bc2 Kd7 15. Qf3 Qf8 16. Nc1 Kc7 17. Nd3 e6 18. 0-0-0 Nd7 19. Kb1 f6 20. exf6 Bxf6 21. Rhe1 Qd6 22. Qg4 e5 23. dxe5 Nxe5 24. Nxe5 Bxe5 25. f4 gxf4 26. Bxf4 Bc8 27. Qxc8+ Kxc8 28. Bxe5 Qf8 29. Bxh8 Qxh8 30. Re7 Kd8 31. Rde1 Rc8 32. Bg6 Qf6 33. Rh7 Qf8 34. Re8+ Qxe8 35. Bxe8 Kxe8 36. Rxa7 Rd8 37. Rg7 Rd6 38. Rg6 1-0

[Event "San Francisco Mark Pinto IM"]
[Site "San Francisco"]
[Date "2004.07.24"]
[Round "4"]
[White "De Guzman, Ricardo"]
[Black "Stein, Alex"]
[Result "1/2-1/2"]
[WhiteElo "2420"]
[BlackElo "2339"]
[PlyCount "20"]
[EventDate "2004.07.21"]
[EventType "tourn"]
[EventRounds "11"]
[EventCountry "USA"]
[EventCategory "3"]
[SourceTitle "CBM 101 Extra"]
[Source "ChessBase"]
[SourceDate "2004.09.01"]
[SourceVersion "2"]
[SourceVersionDate "2004.09.01"]
[SourceQuality "1"]

1. e4 c5 2. Nf3 d6 3. d4 cxd4 4. Nxd4 Nf6 5. Nc3 Nc6 6. Bg5 e6 7. Bb5 Qb6 8. Bxf6 gxf6 9. Nd5 exd5 10. exd5 a6 1/2-1/2

[Event "Santa Monica"]
[Site "Santa Monica"]
[Date "2004.05.18"]
[Round "8"]
[White "Young, Angelo"]
[Black "Stein, Alex"]
[Result "1-0"]
[WhiteElo "2390"]
[BlackElo "2316"]
[PlyCount "48"]
[EventDate "2004.05.11"]
[EventType "tourn"]
[EventRounds "9"]
[EventCountry "USA"]
[EventCategory "9"]
[SourceTitle "CBM 102"]
[Source "ChessBase"]
[SourceDate "2004.09.23"]
[SourceVersion "1"]
[SourceVersionDate "2004.09.23"]
[SourceQuality "1"]

1. Nf3 Nf6 2. c4 d6 3. Nc3 e5 4. d4 Nbd7 5. g3 c6 6. Bg2 Be7 7. 0-0 0-0 8. Qc2 Qc7 9. b3 Re8 10. Bb2 a5 11. e3 Nf8 12. h3 exd4 13. Nxd4 g6 14. Rad1 Bd7 15. Rfe1 h6 16. Kh2 N8h7 17. f4 Bf8 18. e4 b5 19. cxb5 cxb5 20. e5 dxe5 21. fxe5 b4 22. Ne4 Qxc2 23. Nxf6+ Nxf6 24. Nxc2 Rac8 1-0